|
|
|
|
| LEADER |
00000cam a2200000 7i4500 |
| 001 |
0000003718 |
| 005 |
20110420.0 |
| 020 |
0 |
0 |
|a 9839269402
|
| 090 |
0 |
0 |
|a JPSM 333.9516
|b HUT 2006
|
| 245 |
0 |
0 |
|a Hutan Simpan Gunung Jerai, Kedah :
|b Pengurusan, persekitaran fizikal dan biologi
|c Disunting oleh Shaharudin Mohamad Ismail, Wan Yusoff Wan Ahmad, Jalil Md. Som, Yusof Muda, A Latiff
|
| 260 |
0 |
0 |
|a Kuala Lumpur :
|b Jabatan Perhutanan Semenanjung Malaysia ,
|c 2006
|
| 300 |
|
|
|a 474 p. :
|b ill., maps ;
|c 26 cm.
|
| 440 |
0 |
0 |
|a Siri 6: Kepelbagaian Biologi Hutan
|
| 500 |
0 |
0 |
|a Includes bibliographical references
|
| 650 |
0 |
0 |
|a Biological diversity conservation
|z Hutan Simpan Gunung Jerai, Kedah
|
| 650 |
0 |
0 |
|a Biological diversity
|z Hutan Simpan Gunung Jerai, Kedah
|
| 700 |
0 |
1 |
|a A Latiff
|
| 700 |
0 |
1 |
|a Jalil Md. Som
|
| 700 |
0 |
1 |
|a Shaharudin Mohamad Ismail
|
| 700 |
0 |
1 |
|a Wan Yusoff Wan Ahmad
|
| 700 |
0 |
1 |
|a Yusoff Muda
|
| 710 |
1 |
1 |
|a Malaysia ,
|c Hutan Simpan Gunung Jerai, Kedah
|
| 710 |
1 |
1 |
|a Malaysia ,
|c Jabatan Perhutanan Semenanjung Malaysia
|
| 998 |
|
|
|a JPSM
|
| 999 |
|
|
|a 007326
|b Monograph
|c Open Shelf
|e Default branch
|
| 999 |
|
|
|a 007327
|b Monograph
|c Open Shelf
|e Default branch
|
| 999 |
|
|
|a 007328
|b Monograph
|c Open Shelf
|e Default branch
|
| 999 |
|
|
|a 007329
|b Monograph
|c Open Shelf
|e Default branch
|
| 999 |
|
|
|a 007330
|b Monograph
|c Open Shelf
|e Default branch
|